Microeconomics for management students / (Record no. 66170)

MARC details
000 -LEADER
fixed length control field 00498nam a22001577a 4500
005 - DATE AND TIME OF LATEST TRANSACTION
control field 20180727130420.0
020 ## - INTERNATIONAL STANDARD BOOK NUMBER
International Standard Book Number 0195647351
Terms of availability 00.00
035 ## - SYSTEM CONTROL NUMBER
System control number B-11632, B-011631
037 ## - SOURCE OF ACQUISITION
Stock number DPL
Source of stock number/acquisition ENG
100 ## - MAIN ENTRY--PERSONAL NAME
Personal name Dholakia, Ravindra H.
245 ## - TITLE STATEMENT
Title Microeconomics for management students /
Statement of responsibility, etc by Ravindra H. Dholakia and Ajay N. Oza
260 ## - PUBLICATION, DISTRIBUTION, ETC. (IMPRINT)
Place of publication, distribution, etc New Delhi
Name of publisher, distributor, etc Oxford University Press
Date of publication, distribution, etc 1999
300 ## - PHYSICAL DESCRIPTION
Extent x, 535p.
Dimensions 18 cms.
700 ## - ADDED ENTRY--PERSONAL NAME
Personal name Oza, Ajay N.
9 (RLIN) 46423
942 ## - ADDED ENTRY ELEMENTS (KOHA)
Source of classification or shelving scheme Dewey Decimal Classification
Item type English Books
Classification part 330.9
Call number suffix DHO
Holdings
Withdrawn status Lost status Not for loan Collection code Home library Current library Date acquired Cost, normal purchase price Full call number Barcode Cost, replacement price Koha item type Source of acquisition
      Non-fiction Patel Nagar Patel Nagar 27/07/2018 0.00 330.9 DHO B-011631 0.00 English Books BPPD/PUB
      Non-fiction Sarojini Nagar Sarojini Nagar 04/05/2012 0.00 330.9 DHO B-11632 0.00 English Books  

© Delhi Public Library
Hit Counter
free hit counter